00560nam a2200169Ia 450000500170000000800410001708200190005810000240007724500210010125000180012226000360014030000120017650000860018894200060027495200950028099900150037520250224061535.0240331s9999 xx 000 0 und d bRAJ22568a920 aRajaratnam, S. J. P 0aVaalvu Suvadugal aFirst Edition aJaffnabAkilam Publishersc1997 a132 p., aAutobiography of Sithamparam Rajaratnam, a peace officer, teacher and politician. cL 001040708LaWERCLbWERCLcSSCd2024-03-31l0o 920 RAJp2568r2024-03-31w2024-03-31yL c4288d4288